Research Methods in Social Relations (Record no. 3050)

MARC details
000 -LEADER
fixed length control field 01291cam a22003134a 4500
001 - CONTROL NUMBER
control field 12511147
003 - CONTROL NUMBER IDENTIFIER
control field OSt
005 - DATE AND TIME OF LATEST TRANSACTION
control field 20191207120811.0
008 - FIXED-LENGTH DATA ELEMENTS--GENERAL INFORMATION
fixed length control field 010823s2002 txua b 001 0 eng
010 ## - LIBRARY OF CONGRESS CONTROL NUMBER
LC control number 2001095096
020 ## - INTERNATIONAL STANDARD BOOK NUMBER
International Standard Book Number 0155061399
040 ## - CATALOGING SOURCE
Original cataloging agency DLC
Transcribing agency DLC
Modifying agency DLC
042 ## - AUTHENTICATION CODE
Authentication code pcc
050 00 - LIBRARY OF CONGRESS CALL NUMBER
Classification number H62
Item number .K473 2002
082 00 - DEWEY DECIMAL CLASSIFICATION NUMBER
Classification number 300 ROY 2002
Edition number 21
100 1# - MAIN ENTRY--PERSONAL NAME
Personal name Hoyle, Rick H.; Harris, Monica J.; Judd, Charles M.
9 (RLIN) 6801
245 10 - TITLE STATEMENT
Title Research Methods in Social Relations
250 ## - EDITION STATEMENT
Edition statement 7th ed.
260 ## - PUBLICATION, DISTRIBUTION, ETC. (IMPRINT)
Place of publication, distribution, etc. Fort Worth, TX :
Name of publisher, distributor, etc. Wadsworth,
Date of publication, distribution, etc. 2002.
300 ## - PHYSICAL DESCRIPTION
Extent xxiii, 568 p. :
Other physical details ill. ;
Dimensions 24 cm.
504 ## - BIBLIOGRAPHY, ETC. NOTE
Bibliography, etc Includes bibliographical references (p. 538-556) and index.
650 #0 - SUBJECT ADDED ENTRY--TOPICAL TERM
Topical term or geographic name as entry element Social sciences
General subdivision Research
-- Methodology.
9 (RLIN) 1100
856 42 - ELECTRONIC LOCATION AND ACCESS
Materials specified Contributor biographical information
Uniform Resource Identifier http://www.loc.gov/catdir/enhancements/fy1102/2001095096-b.html
856 42 - ELECTRONIC LOCATION AND ACCESS
Materials specified Publisher description
Uniform Resource Identifier http://www.loc.gov/catdir/enhancements/fy1102/2001095096-d.html
856 41 - ELECTRONIC LOCATION AND ACCESS
Materials specified Table of contents only
Uniform Resource Identifier http://www.loc.gov/catdir/enhancements/fy1215/2001095096-t.html
906 ## - LOCAL DATA ELEMENT F, LDF (RLIN)
a 7
b cbc
c orignew
d 2
e epcn
f 20
g y-gencatlg
942 ## - ADDED ENTRY ELEMENTS (KOHA)
Source of classification or shelving scheme Dewey Decimal Classification
Koha item type Short Loan
Holdings
Withdrawn status Lost status Source of classification or shelving scheme Damaged status Not for loan Home library Current library Date acquired Source of acquisition Inventory number Total Checkouts Full call number Barcode Date last seen Koha item type
    Dewey Decimal Classification     MUST Main Library MUST Main Library 12/02/2016 Purchase 03/19138   300 HOY 2002 2016-0190 12/02/2016 Short Loan
    Dewey Decimal Classification     MUST Main Library MUST Main Library 12/02/2016 Purchase 03/19137   300 HOY 2002 2016-0191 12/02/2016 Short Loan